CompTIA Acronyms 13 - Statistics

General Stats
  • This quiz has been taken 9 times
  • The average score is 4 of 26
Answer Stats
Hint Answer % Correct
UEFI Unified Extensible Firmware Interface
100%
USB Universal Serial Bus
100%
TLS Transport Layer Security
50%
TPM Trusted Platform Module
50%
UPnP Universal Plug and Play
50%
STP Shielded Twisted Pair
0%
ST Straight Tip
0%
SXGA Super Extended Graphics Array
0%
TKIP Temporal Key Integrity Protocol
0%
TACACS Terminal Access Controller Access-Control System
0%
TDR Time Domain Reflectometer
0%
TCP Transmission Control Protocol
0%
TFTP Trivial File Transfer Protocol
0%
TN Twisted Nematic
0%
UXGA Ultra Extended Graphics Array
0%
UTM Unified Threat Management
0%
URL Uniform Resource Locator
0%
UPS Uninterruptible Power Supply
0%
UNC Universal Naming Convention
0%
UTP Unshielded Twisted Pair
0%
UAC User Account Control
0%
UDP User Datagram Protocol
0%
UDF User Defined Functions/Universal Disk Format/Universal Data Format
0%
USMT User State Migration Tool
0%
VA Vertical Alignment
0%
VDC Volts DC
0%
No matching quizzes found
Score Distribution
Percent of People with Each Score
Percentile by Number Answered
Your Score History
You have not taken this quiz